Happy together (Record no. 71610)
[ view plain ]
| 000 -LEADER | |
|---|---|
| fixed length control field | 01308cam a2200217 4500 |
| 001 - CONTROL NUMBER | |
| control field | ABS66164 |
| 008 - FIXED-LENGTH DATA ELEMENTS--GENERAL INFORMATION | |
| fixed length control field | 021120n2002 000 0 eng u |
| 035 ## - SYSTEM CONTROL NUMBER | |
| System control number | (Sirsi) u120533 |
| 100 ## - MAIN ENTRY--PERSONAL NAME | |
| Personal name | Madine, V. |
| 245 ## - TITLE STATEMENT | |
| Title | Happy together |
| 260 ## - PUBLICATION, DISTRIBUTION, ETC. | |
| Date of publication, distribution, etc. | 2002 |
| 490 ## - SERIES STATEMENT | |
| Series statement | Housing Today |
| Volume/sequential designation | 7 November 2002, 22-24(3) |
| 520 ## - SUMMARY, ETC. | |
| Summary, etc. | Reports on the attempts by coucils and housing associations to integrate their different departments to provide a better service to the public. East Riding Council is an example of this new cooperation as it has increased the number of housing repairs completed within government time limits from 53% to 95% during the past three years. Warns that linking up services at local levels can have its disadvantages as the experiences of London councils such as Islington and Tower Hamlets show. Here in the 1980s the housing services were decentralised and too many resources were duplicated. The differing approaches from the councils illustrate that there is no such thing as a model structure for all local authorities as this will depend on their particular size and location. |
| 590 ## - LOCAL NOTE (RLIN) | |
| Local note | ABS |
| 650 ## - SUBJECT ADDED ENTRY--TOPICAL TERM | |
| Topical term or geographic name entry element | LOCAL COUNCILS |
| 650 ## - SUBJECT ADDED ENTRY--TOPICAL TERM | |
| Topical term or geographic name entry element | LOCAL AUTHORITIES |
| 650 ## - SUBJECT ADDED ENTRY--TOPICAL TERM | |
| Topical term or geographic name entry element | HOUSING ASSOCIATION |
| 650 ## - SUBJECT ADDED ENTRY--TOPICAL TERM | |
| Topical term or geographic name entry element | LOCAL GOVERNMENT ASSOCIATION |
| 690 ## - LOCAL SUBJECT ADDED ENTRY--TOPICAL TERM (OCLC, RLIN) | |
| Topical term or geographic name as entry element | LOCAL GOVERNMENT |
| 942 ## - ADDED ENTRY ELEMENTS (KOHA) | |
| Suppress in OPAC | 0 |
| Withdrawn status | Lost status | Source of classification or shelving scheme | Damaged status | Not for loan | Home library | Current library | Shelving location | Date acquired | Total Checkouts | Full call number | Barcode | Date last seen | Copy number | Price effective from | Koha item type |
|---|---|---|---|---|---|---|---|---|---|---|---|---|---|---|---|
| Dewey Decimal Classification | London | London | Journals | 20/11/2002 | ABS66164 | 120533-1001 | 06/08/2019 | 1 | 06/08/2019 | Journal article |